ՀՀ Գիտությունների ազգային ակադեմիայի հիմնարար գիտական գրադարան  =   Fundamental Scientific Library of NAS RA

Փառանձեմ : (Record no. 534218)

MARC details
000 -LEADER
fixed length control field 01093nam a2200253 a 4500
003 - CONTROL NUMBER IDENTIFIER
control field AM-YeHGA
005 - DATE AND TIME OF LATEST TRANSACTION
control field 20250617165051.0
008 - FIXED-LENGTH DATA ELEMENTS--GENERAL INFORMATION
fixed length control field 031218s1959 le |||||||||||||||||arm|d
040 ## - CATALOGING SOURCE
Original cataloging agency AM-YeHGA
041 0# - LANGUAGE CODE
Language code of text/sound track or separate title arm
001 - CONTROL NUMBER
control field 244789
090 ## - LOCALLY ASSIGNED LC-TYPE CALL NUMBER (OCLC); LOCAL CALL NUMBER (RLIN)
-- 573690
100 1# - MAIN ENTRY--PERSONAL NAME
Personal name Սարաֆյան, Սոկրատ
245 10 - TITLE STATEMENT
Title Փառանձեմ :
Remainder of title Հայկական կեանքէ : Պատկերազարդ : Խիստ հետաքրքրաշարժ, զգայացունց եւ բարոյալից վէպ /
Statement of responsibility, etc. Սաֆրօթ Օսկար ; Առաջաբ.՝ Ա. Ֆրանս.
260 ## - PUBLICATION, DISTRIBUTION, ETC.
Place of publication, distribution, etc. Պէյրութ :
Name of publisher, distributor, etc. տպ. Մշակ,
Date of publication, distribution, etc. 1959.
300 ## - PHYSICAL DESCRIPTION
Extent 630 էջ :
Other physical details նկ. ;
Dimensions 20 սմ.
490 0# - SERIES STATEMENT
Series statement Մշակ
500 ## - GENERAL NOTE
General note Գիրքը թվայնացվել է Հայաստանի ազգային գրադարանում:
500 ## - GENERAL NOTE
General note Սաֆրօթ Օսկար = Սարաֆյան Սոկրատ
650 14 - SUBJECT ADDED ENTRY--TOPICAL TERM
Topical term or geographic name entry element Հայ գրականություն
General subdivision Վեպ
700 1# - ADDED ENTRY--PERSONAL NAME
Personal name Ֆրանս, Անաթօլ
Relator term առաջաբ.
Relationship aui
856 41 - ELECTRONIC LOCATION AND ACCESS
Uniform Resource Identifier <a href="http://haygirk.nla.am/upload/1941-/safrot_parandzem_1959.pdf">http://haygirk.nla.am/upload/1941-/safrot_parandzem_1959.pdf</a>
Link text Կարդալ առցանց
942 ## - ADDED ENTRY ELEMENTS (KOHA)
Source of classification or shelving scheme Universal Decimal Classification
Koha item type Գրքեր / Books
Holdings
Withdrawn status Lost status Source of classification or shelving scheme Damaged status Not for loan Collection Home library Current library Date acquired Total checkouts Full call number Barcode Date last seen Price effective from Koha item type Public note
    Universal Decimal Classification     Zhamkochyan Individual collection Fundamental Scientific Library Fundamental Scientific Library 09/04/2025   Ժամ/174 FL0688578 09/04/2025 09/04/2025 Գրքեր / Books ILL Non-Circ.


ՀՀ ԳԱԱ հիմնարար գիտական գրադարան
ՀՀ,Երևան 0019
Մարշալ Բաղրամյան 24/6
հեռախոս:(374-10) 52-47-50
Հետադարձ կապ

All site content, except where otherwise noted, is licensed under a
Creative Commons License